The virtual learning organization / (Record no. 343873)

000 -LEADER
fixed length control field 01414 a2200241 4500
020 ## - INTERNATIONAL STANDARD BOOK NUMBER
International Standard Book Number 0826447074
020 ## - INTERNATIONAL STANDARD BOOK NUMBER
International Standard Book Number 9780826447074
082 04 - DEWEY DECIMAL CLASSIFICATION NUMBER
Classification number 650
090 ## - LOCALLY ASSIGNED LC-TYPE CALL NUMBER (OCLC); LOCAL CALL NUMBER (RLIN)
-- 1351
-- 1351
100 1# - MAIN ENTRY--PERSONAL NAME
Personal name Teare, Richard.
245 14 - TITLE STATEMENT
Title The virtual learning organization /
Statement of responsibility, etc. Richard Teare.
260 ## - PUBLICATION, DISTRIBUTION, ETC.
Place of publication, distribution, etc. [S.l.] :
Name of publisher, distributor, etc. Continuum International Publishing Group,
Date of publication, distribution, etc. 2000.
300 ## - PHYSICAL DESCRIPTION
Extent 320 p. ;
Dimensions 24 cm.
490 1# - SERIES STATEMENT
Series statement Workplace learning series.
500 ## - GENERAL NOTE
General note Paperback.
520 ## - SUMMARY, ETC.
Summary, etc. An account of the Virtual Learning Organization and the work being done globally to set up large-scale training resources for industry on the Internet. The book is divided into three parts: "Design Issues", "Practical Examples" and "Next Steps". Topics covered include knowledge management, workplace learning developments, and mechanisms for renewing and sustaining lifelong learning. With particular reference to the Marriott Hotels Virtual University that the authors have created, the book seeks to inspire other educationalists to look anew at the combination of advanced technology and training methods.
700 1# - ADDED ENTRY--PERSONAL NAME
Personal name Sandelands, Eric.
700 1# - ADDED ENTRY--PERSONAL NAME
Personal name Prestoungrange, Gordon.
830 #0 - SERIES ADDED ENTRY--UNIFORM TITLE
Uniform title Workplace learning series.
856 40 - ELECTRONIC LOCATION AND ACCESS
Materials specified Amazon.com
Uniform Resource Identifier <a href="http://www.amazon.com/exec/obidos/ASIN/0826447074/chopaconline-20">http://www.amazon.com/exec/obidos/ASIN/0826447074/chopaconline-20</a>
856 40 - ELECTRONIC LOCATION AND ACCESS
Materials specified Amazon customer reviews
Uniform Resource Identifier <a href="http://www.chopac.org/cgi-bin/tools/azrev.pl?q=0826447074">http://www.chopac.org/cgi-bin/tools/azrev.pl?q=0826447074</a>
942 ## - ADDED ENTRY ELEMENTS (KOHA)
Institution code [OBSOLETE] NBS
Koha item type Book
Call number prefix 378.00285 SAN
Holdings
Withdrawn status Lost status Damaged status Not for loan Permanent Location Current Location Date acquired Total Checkouts Full call number Barcode Date last seen Date last checked out Price effective from Koha item type
        Central Library (CL) Central Library (CL) 08/28/2013 1 378.00285 SAN NBS6521 11/23/2017 08/23/2017 08/28/2013 Book
© 2023 Central Library, National University of Sciences and Technology. All Rights Reserved.